Statistics for Chris Hemsworth Films

Click here to take the quiz!

General Stats

  • This quiz has been taken 44 times
  • The average score is 9 of 26

Answer Stats

YearFilm% Correct
2011Thor
100%
2012The Avengers
93%
2019Avengers: Endgame
83%
2017Thor: Ragnarok
83%
2018Avengers: Infinity War
80%
2013Thor: The Dark World
80%
2015Avengers: Age of Ultron
77%
2016Ghostbusters
37%
2019Men In Black: International
37%
201812 Strong
27%
2012Snow White and the Huntsman
27%
2016Doctor Strange
23%
2013Rush
23%
2012The Cabin in the Woods
23%
2015Blackhat
20%
2009Star Trek
20%
2016The Huntsman: Winter's War
17%
2015Vacation
17%
2018Bad Times at the El Royale
10%
2012Red Dawn
10%
2015In The Heart of the Sea
7%
2013Star Trek Into Darkness
7%
2009A Perfect Getaway
3%
2010Ca$h
0%
2019Dhaka
0%
2019Jay and Silent Bob Reboot
0%

Score Distribution

Percentile by Number Answered

Percent of People with Each Score

Your Score History

You have not taken this quiz